000 00735nam a2200241 a 4500
999 _c2171
_d2171
003 PK-NaQUE
005 20251209084455.0
008 251209b ||||| |||| 00| 0 eng d
020 _a0070236208 (hardcover)
020 _a9780070236202 (hardcover)
040 _cQUEST
100 1 _aGladstone, John.
245 1 0 _aMechanical Estimating Guidebook /
250 _a6th edition.
260 _a[S.l.] :
_bMcgraw-Hill (Tx),
_c1995.
300 _a440 p. ;
650 _aAir conditioning--Estimates
650 _aAir conditioning--Equipment and supplies--Estimates
700 1 _aHumphreys, Kenneth King.
700 1 _aGladstone, John.
856 4 0 _uhttp://10.10.170.122:8080/browse/book/29049
_yDownload eBook
942 _cBK
_2ddc